Statistics for Countries with Highest Social Index

Click here to take the quiz!

General Stats

  • This quiz has been taken 28 times
    (10 since last reset)
  • The average score is 16 of 20

Answer Stats

#Country% Correct
86.42Australia
89%
82.83Belgium
89%
86.89Canada
89%
86.63Denmark
89%
86.75Finland
89%
84.66Ireland
89%
83.15Japan
89%
86.50Netherlands
89%
88.36Norway
89%
88.06Sweden
89%
84.68United Kingdom
89%
82.85United States
89%
84.04Germany
78%
87.62Iceland
78%
84.45Austria
67%
87.08New Zealand
67%
81.17Spain
67%
87.97Switzerland
67%
81.91Portugal
56%
81.62Slovenia
56%

Score Distribution

Percentile by Number Answered

Percent of People with Each Score

Your Score History

You have not taken this quiz since the last reset